000 01217nam a22003617a 4500
003 CHAP
005 20220329133040.0
008 971013s1990 r 00010 d
010 _a1601
011 _a2573
035 _a1768
040 _cCHAP
090 _aTesis
100 0 0 _aJuárez Bernal, Joel.
_962385
245 _aFactores genéticos y ambientales que afectan la producción de lana en ovinos Lincoln
260 _aBermejillo, Dgo. :
_bEl autor,
_c1990
300 _a52 h.
_b: ilus.
502 _aTesis (Ing. Agr. Esp. en Zonas Aridas) -- UACH. Departamento de Zonas Aridas
590 _aALEPH
_b10
_c20130110
_lUCH01
_h1208
590 _aBATCH-UPD
_b10
_c20130110
_lUCH01
_h1127
590 _aBATCH-UPD
_b10
_c20130410
_lUCH01
_h0716
590 _aBATCH-UPD
_b10
_c20130914
_lUCH01
_h0701
590 _aCONVERSION
_b10
_c20130109
_lUCH01
_h1302
650 1 4 _aBorrego Lincoln.
_913936
650 1 4 _aGanado lanar
_xEfecto del medio ambiente.
_945172
650 1 4 _aGanado lanar
_xEsquila.
_945177
650 1 4 _aGanado lanar
_xGenética.
_945182
650 1 4 _aLana.
_964606
901 _aBK
942 _cTESIS
949 _bBC
_cTES
_d-11261
_eTS1
_h23612
_i1768
_si
949 _bZA
_cTESBD
_d-9403
_eTS1
_h299
_i1768
_si
999 _c1601
_d1601